Thi pháp thơ Đường : (Bài giảng chuyên đề)
محفوظ في:
| المؤلف الرئيسي: | |
|---|---|
| التنسيق: | كتاب |
| اللغة: | Undetermined |
| منشور في: |
Thành phố Hồ Chí Minh
Đại học Sư phạm
2005
|
| الموضوعات: | |
| الوسوم: |
إضافة وسم
لا توجد وسوم, كن أول من يضع وسما على هذه التسجيلة!
|
| Thư viện lưu trữ: | Trung tâm Học liệu Trường Đại học Cần Thơ |
|---|
| LEADER | 00695nam a2200229Ia 4500 | ||
|---|---|---|---|
| 001 | CTU_104259 | ||
| 008 | 210402s9999 xx 000 0 und d | ||
| 020 | |c 12000 | ||
| 082 | |a 808.1 | ||
| 082 | |b Th550 | ||
| 100 | |a Lương, Duy Thứ | ||
| 245 | 0 | |a Thi pháp thơ Đường : | |
| 245 | 0 | |b (Bài giảng chuyên đề) | |
| 245 | 0 | |c Lương Duy Thứ | |
| 260 | |a Thành phố Hồ Chí Minh | ||
| 260 | |b Đại học Sư phạm | ||
| 260 | |c 2005 | ||
| 526 | |a Thơ Đường trong nhà trường phổ thông | ||
| 526 | |b SP536 | ||
| 650 | |a Tang poetry, theory of | ||
| 904 | |i Minh | ||
| 980 | |a Trung tâm Học liệu Trường Đại học Cần Thơ | ||